Digital History and Hermeneutics : Between Theory and Practice.

Bibliographic Details
Main Author: Fickers, Andreas.
Other Authors: Tatarinov, Juliane.
Format: eBook
Language:English
Published: Berlin/München/Boston : Walter de Gruyter GmbH, 2022.
Edition:1st ed.
Series:Studies in Digital History and Hermeneutics Series
Subjects:
Online Access:Click to View
LEADER 01618nam a22003853i 4500
001 EBC7015395
003 MiAaPQ
005 20231204023225.0
006 m o d |
007 cr cnu||||||||
008 231204s2022 xx o ||||0 eng d
020 |a 9783110723991  |q (electronic bk.) 
035 |a (MiAaPQ)EBC7015395 
035 |a (Au-PeEL)EBL7015395 
035 |a (OCoLC)1334106665 
040 |a MiAaPQ  |b eng  |e rda  |e pn  |c MiAaPQ  |d MiAaPQ 
082 0 |a 001.30285 
100 1 |a Fickers, Andreas. 
245 1 0 |a Digital History and Hermeneutics :  |b Between Theory and Practice. 
250 |a 1st ed. 
264 1 |a Berlin/München/Boston :  |b Walter de Gruyter GmbH,  |c 2022. 
264 4 |c {copy}2022. 
300 |a 1 online resource (312 pages) 
336 |a text  |b txt  |2 rdacontent 
337 |a computer  |b c  |2 rdamedia 
338 |a online resource  |b cr  |2 rdacarrier 
490 1 |a Studies in Digital History and Hermeneutics Series ;  |v v.2 
588 |a Description based on publisher supplied metadata and other sources. 
590 |a Electronic reproduction. Ann Arbor, Michigan : ProQuest Ebook Central, 2023. Available via World Wide Web. Access may be limited to ProQuest Ebook Central affiliated libraries.  
655 4 |a Electronic books. 
700 1 |a Tatarinov, Juliane. 
776 0 8 |i Print version:  |a Fickers, Andreas  |t Digital History and Hermeneutics  |d Berlin/München/Boston : Walter de Gruyter GmbH,c2022 
797 2 |a ProQuest (Firm) 
830 0 |a Studies in Digital History and Hermeneutics Series 
856 4 0 |u https://ebookcentral.proquest.com/lib/matrademy/detail.action?docID=7015395  |z Click to View